| 000 | 00883nas a2200277 4500 | ||
|---|---|---|---|
| 001 | BR2013001730 | ||
| 003 | BR-BrBNA | ||
| 005 | 20231205122000.0 | ||
| 007 | ta | ||
| 008 | 230509b bl.|||p| |||| 00| 00por d | ||
| 040 |
_aBR-BrBNA _bpor _cBiblioteca Nacional de Agricultura |
||
| 041 | _a(Es) | ||
| 072 | _aP40; F03 | ||
| 100 | 1 | _aKlekailo, G.N. | |
| 100 | 1 | _aTuesca, D. | |
| 100 | 1 | _aBarberis, I.M. | |
| 245 | 1 | _aEfectos de la temperatura, el ambiente lumínico y la escarificación sobre la germinación de semillas de Bromelia serra Griseb. (Bromeliaceae) | |
| 650 | _aBROMELIA | ||
| 650 | _aGERMINAÇÃO | ||
| 650 | _aTEMPERATURA | ||
| 650 | _aMANEJO | ||
| 650 | _aSEMENTE | ||
| 773 | 0 |
_tRevista Brasileira de Sementes (Brazil) _xISSN 0101-3122 _g(Dec 2012), v. 34(4) p. 605-612 _wBR2013001730 |
|
| 909 |
_a202311 _bLúcia _c55 _dLúcia Elande |
||
| 942 |
_2AGRIS _n0 _cANA |
||
| 999 |
_c226270 _d226270 |
||